| 000 | 01888nmc a2200673 a 4500 | ||
|---|---|---|---|
| 003 | AR-BaBNM | ||
| 005 | 20251128204803.0 | ||
| 008 | 275119s1982 ||||||||||||||000 | spa|| | ||
| 020 | _a968-16-0968-9 | ||
| 040 | _cAR-BaBNM | ||
| 100 | 1 | _aHall, Vernon | |
| 245 | 1 | 0 | _aBreve historia de la crítica literaria |
| 250 | _a1| ed. | ||
| 260 |
_aMéxico, D.F. _bFondo de Cultura Económica _c1982 |
||
| 300 | 0 | _a313 p. | |
| 490 | 0 |
_aBreviarios _vv. 317 |
|
| 500 | 0 | _aIndice de nombres en p. 307-310 | |
| 504 | _aContiene bibliografía en p. 303-305 | ||
| 600 | 0 | 4 | _aPlatón |
| 600 | 0 | 4 | _aAristóteles |
| 600 | 1 | 4 | _aHoracio Flaco, Quinto |
| 600 | 0 | 4 | _aLongino |
| 600 | 1 | 4 | _aBoccaccio, Giovanni |
| 600 | 1 | 4 |
_aMilton, John _d1608-1674 |
| 600 | 1 | 4 | _aDevenant, William |
| 600 | 1 | 4 | _aBoileau, Nicolás |
| 600 | 1 | 4 | _aDryden, John |
| 600 | 1 | 4 | _aPope, Alexander |
| 600 | 1 | 4 | _aJohnson, Samuel |
| 600 | 1 | 4 | _aWordsworth, William |
| 600 | 1 | 4 | _aHugo, Víctor |
| 600 | 1 | 4 | _aGoethe, Johann Wolfgang von |
| 600 | 1 | 4 | _aWhitman, Walt |
| 600 | 1 | 4 | _aSainte-beuve, Charles-Augustin |
| 600 | 1 | 4 | _aTaine, Hippolyte Adolphe |
| 600 | 1 | 4 | _aArnold, Matthew |
| 600 | 1 | 4 | _aHowells, William Dean |
| 600 | 1 | 4 | _aZola, Emile |
| 600 | 1 | 4 | _aFrance, Anatole |
| 600 | 1 | 4 | _aBrunetiere, Ferdinand |
| 600 | 1 | 4 |
_aTolstoi, Lev Nikolaevich _d1828-1910 |
| 600 | 1 | 4 | _aBergson, Henri |
| 600 | 1 | 4 | _aCroce, Benedetto |
| 600 | 1 | 4 | _aFreud, Sigmund |
| 600 | 1 | 4 | _aRichards, I.A. |
| 600 | 1 | 4 | _aEliot, Thomas Stearns |
| 600 | 0 | 4 |
_aDante Alighieri _d1265-1321 |
| 650 | 4 | _aANALISIS LITERARIO | |
| 650 | 4 | _aCRITICA LITERARIA | |
| 650 | 4 | _aHISTORIA | |
| 650 | 4 | _aHISTORIA LITERARIA | |
| 650 | 4 | _aSELECCION NATURAL | |
| 650 | 4 | _aPSICOANALISIS | |
| 650 | 4 | _aMARXISMO | |
| 655 | _aLITERATURA | ||
| 700 | 1 |
_aPatán López, Federico _etraductor |
|
| 942 | _cBK | ||
| 998 | _cGLORIA | ||
| 999 |
_c8822 _d8822 |
||